| 000 | 00399nam a2200145Ia 4500 | ||
|---|---|---|---|
| 008 | 220217s9999||||xx |||||||||||||| ||und|| | ||
| 020 | _a9780070144941 | ||
| 082 | _a658.4038 OBR | ||
| 100 | _aO' Brien, James, A | ||
| 245 | 0 | _aManagement information system | |
| 250 | _a9th | ||
| 260 |
_aTata mcgraw hill company Ltd _bNew Delhi _c2010 |
||
| 300 |
_aXXX, 831p, _b575 |
||
| 650 | _aMANAGEMENT | ||
| 999 |
_c183814 _d183814 |
||